Southville International School and Colleges
Your cart is empty.
  • Cart
  • Lists
    Public lists Eva Luna New books Lux_list list_1
    Your lists Log in to create your own lists
  • Log in to your account
  • Your cookies
  • Search history
Southville International School and Colleges
  • Advanced search
  • Recent comments
  • Most popular
  • Libraries

Log in to your account

Log in with GOOGLE


If you do not have an external account, but do have a local account, you can still log in:

  1. Home
  2. MARC view: Engaging mental health online: Insights from beyondblue's forum influencers /
Normal view MARC view ISBD view

Engaging mental health online: Insights from beyondblue's forum influencers / (Record no. 361413)

[ view plain ]
MARC details
000 -LEADER
fixed length control field 00544nam a2200193Ia 4500
008 - FIXED-LENGTH DATA ELEMENTS--GENERAL INFORMATION
fixed length control field 190412s9999 xx 000 0 und d
100 ## - MAIN ENTRY--PERSONAL NAME
Personal name Anthony McCosker
245 ## - TITLE STATEMENT
Title Engaging mental health online: Insights from beyondblue's forum influencers /
245 ## - TITLE STATEMENT
Statement of responsibility, etc Anthony McCosker
260 ## - PUBLICATION, DISTRIBUTION, ETC. (IMPRINT)
Name of publisher, distributor, etc Sage
260 ## - PUBLICATION, DISTRIBUTION, ETC. (IMPRINT)
Date of publication, distribution, etc 2018
300 ## - PHYSICAL DESCRIPTION
Extent pages 4748-4764, December 2018
440 ## - SERIES STATEMENT/ADDED ENTRY--TITLE
Title New Media & Society
Volume number/sequential designation 20 (12)
650 ## - SUBJECT ADDED ENTRY--TOPICAL TERM
Topical term or geographic name as entry element Affect
650 ## - SUBJECT ADDED ENTRY--TOPICAL TERM
Topical term or geographic name as entry element Expertise
650 ## - SUBJECT ADDED ENTRY--TOPICAL TERM
Topical term or geographic name as entry element Influencers
650 ## - SUBJECT ADDED ENTRY--TOPICAL TERM
Topical term or geographic name as entry element MEDIA & SOCIETY
942 ## - ADDED ENTRY ELEMENTS (KOHA)
Source of classification or shelving scheme Library of Congress Classification
Item type Periodicals
Holdings
Withdrawn status Lost status Source of classification or shelving scheme Damaged status Home library Current library Shelving location Date acquired Total Checkouts Date last seen Price effective from Koha item type
    Library of Congress Classification   College Library College Library Periodical Section 04/12/2019   04/12/2019 04/12/2019 Periodicals

Engaging mental health online: Insights from beyondblue's forum influencers /

APA

Anthony McCosker, .Engaging mental health online: Insights from beyondblue's forum influencers. : Sage.

Chicago

Anthony McCosker, .Engaging mental health online: Insights from beyondblue's forum influencers. : Sage.

Harvard

Anthony McCosker, .Engaging mental health online: Insights from beyondblue's forum influencers. : Sage.

MLA

Anthony McCosker, .: Sage. .

  • Place hold
  • Print
  • Cite
  • Add to your cart (remove)
  • Save record
    BIBTEX Dublin Core MARCXML MARC (non-Unicode/MARC-8) MARC (Unicode/UTF-8) MARC (Unicode/UTF-8, Standard) MODS (XML) RIS
  • More searches
    Search for this title in:
    Other Libraries (WorldCat) Other Databases (Google Scholar) Online Stores (Bookfinder.com) Open Library (openlibrary.org)

Exporting to Dublin Core...

SOUTHVILLE LIBRARY

Southville International School and Colleges Library

1281 Tropical Ave. Cor. Luxembourg St., BF Homes International, Las Pinas City

Tel. No. 8256374 / 252358 Loc. 117/146

Powered by Koha